000 00217nam a2200097Ia 4500
008 240625s9999 xx 000 0 und d
041 _aeng
100 _aCHIRILLO JOHN
245 _aHACK ATTACKS REVEALED
260 _c2002
999 _c33098
_d33098